000 00571nam a2200193 4500
001 113879
003 ES-MaACL
005 20230906190026.0
007 t|
008 061121s1958 sp r ||||1| spa d
100 1 _aNora, Eugenio de.
_985952
245 1 3 _aLa novela española contemporánea
_b: 1898-1927 /
_cEugenic de Nora.
260 _aMadrid :
_bGredos,
_c1958.
300 _a2 t. ;
_c20 cm.
490 1 _aBiblioteca románica hispánica
830 0 _aBiblioteca románica hispánica
_9180746
852 _aES-MaACL
_jE-4823-4
_bR.43096
999 _c113879
_d113879